Statistics for Weekdays in French

Click here to take the quiz!

General Stats

  • This quiz has been taken 84 times
  • The average score is 6 of 7

Answer Stats

HintAnswer% Correct
ATuesdayMardi
100%
AMondayLundi
95%
AWednesdayMercredi
91%
ASaturdaySamedi
91%
ASundayDimanche
88%
AThursdayJeudi
86%
AFridayVendredi
77%

Score Distribution

Percentile by Number Answered

Percent of People with Each Score

Your Score History

You have not taken this quiz